000 00534nam a2200205Ia 4500
005 20250508152928.0
008 008 250505s9999 xx 000 0 eng d
037 _aTextual
040 _aFEDL
_beng
_cFEDL
041 _aeng
_2eng
084 _a150, BLU
_qFEDL
100 _aBlum Gerald
_986111
245 0 _aModel of the mind
260 _aNew York, USA
_bJohn Wiley and Sons
_c1961
300 _axi,229p.
365 _aINR
_b375
650 _aPsychology
942 _cTEXL
_h150, BLU
999 _c1339646
_d1339646